| 000 | 00977nac a22002531u 4500 | ||
|---|---|---|---|
| 010 | _a 2005021158 | ||
| 020 | _a9781405121385 (hardcover) | ||
| 020 | _a1405121386 (hardcover) | ||
| 020 | _a9781405121392 (pbk.) | ||
| 020 | _a1405121394 (pbk.) | ||
| 082 | 0 | 0 |
_a338.5 _bD39 |
| 090 |
_c2097 _d2097 |
||
| 100 | _aDemange, Gabrielle. | ||
| 245 | 1 | 0 |
_aFinance and the economics of uncertainty / _cGabrielle Demange and Guy Laroque. |
| 260 |
_aMalden, MA : _bBlackwell Pub.,2006 _c2006. |
||
| 300 |
_axi, 281 p. : _bill. ; _c24 cm. |
||
| 504 | _aIncludes bibliographical references (p. 273-274) and index. | ||
| 650 | 0 | _aUncertainty. | |
| 650 | 0 |
_aFinance _xMathematical models. |
|
| 700 | 1 | _aLaroque, Guy. | |
| 856 | 4 | 1 |
_3Table of contents _uhttp://www.loc.gov/catdir/toc/ecip0516/2005021158.html |
| 942 |
_cBB _k338.5D39 |
||
| 999 |
_c2097 _d2097 |
||